Presión tributaria sectorial e incidencia (Registro nro. 24798)

Detalles MARC
000 -LEADER
fixed length control field 00332 a2200109 4500
001 - CONTROL NUMBER
control field ART_10874
005 - DATE AND TIME OF LATEST TRANSACTION
control field 20260410161849.0
008 - FIXED-LENGTH DATA ELEMENTS--GENERAL INFORMATION
fixed length control field 260409a
100 1# - MAIN ENTRY--PERSONAL NAME
Personal name Piffano, Horacio L. P.
245 10 - TITLE STATEMENT
Title Presión tributaria sectorial e incidencia
773 0# - HOST ITEM ENTRY
Title Económica
Related parts - Año XXVI, Nº 1/2 (ene./ago. 1980)
Record control number REV7541

No hay ítems disponibles.